Examination reform; (Record no. 84485)
[ view plain ]
| 000 -LEADER | |
|---|---|
| fixed length control field | 00875nam a2200253 4500 |
| 001 - CONTROL NUMBER | |
| control field | sa 68012363 |
| 003 - CONTROL NUMBER IDENTIFIER | |
| control field | DLC |
| 005 - DATE AND TIME OF LATEST TRANSACTION | |
| control field | 20260227112609.0 |
| 008 - FIXED-LENGTH DATA ELEMENTS--GENERAL INFORMATION | |
| fixed length control field | 691105s1966 ii 100 0 eng |
| 010 ## - LIBRARY OF CONGRESS CONTROL NUMBER | |
| LC control number | sa 68012363 |
| 025 ## - OVERSEAS ACQUISITION NUMBER | |
| Overseas acquisition number | PL480:I-E-9295 |
| 040 ## - CATALOGING SOURCE | |
| Original cataloging agency | DLC |
| Transcribing agency | DLC |
| Modifying agency | DLC |
| 050 00 - LIBRARY OF CONGRESS CALL NUMBER | |
| Classification number | LB2367 |
| Item number | .S85 1964 |
| 082 00 - DEWEY DECIMAL CLASSIFICATION NUMBER | |
| Classification number | 378.1/6/710954 |
| 111 2# - MAIN ENTRY--MEETING NAME | |
| Meeting name or jurisdiction name as entry element | Summer School on Examination Reforms, |
| Location of meeting | M.B. Patel College of Education, |
| Date of meeting or treaty signing | 1964. |
| 245 10 - TITLE STATEMENT | |
| Title | Examination reform; |
| Remainder of title | a report of summer school. |
| Statement of responsibility, etc. | Editors: R. S. Trivedi, P. D. Mistry [and] M. N. Palsane. |
| 260 ## - PUBLICATION, DISTRIBUTION, ETC. | |
| Place of publication, distribution, etc. | Vallabh Vidyanagar, |
| Name of publisher, distributor, etc. | Sardar Vallabhbhai Vidyapeeth, |
| Date of publication, distribution, etc. | 1966. |
| 300 ## - PHYSICAL DESCRIPTION | |
| Extent | 7, 82 p. |
| Dimensions | 22 cm. |
| 350 ## - PRICE (NR) (BK AM CF MU VM SE) [OBSOLETE] | |
| Price | 2.00 |
| 650 #0 - SUBJECT ADDED ENTRY--TOPICAL TERM | |
| Topical term or geographic name entry element | Universities and colleges |
| Geographic subdivision | India |
| General subdivision | Examinations. |
| 700 1# - ADDED ENTRY--PERSONAL NAME | |
| Personal name | Trivedi, Ramanlal Shankerlal, |
| Dates associated with a name | 1921- |
| Relator term | ed. |
| 700 1# - ADDED ENTRY--PERSONAL NAME | |
| Personal name | Mistry, P. D., |
| Relator term | ed. |
| 700 1# - ADDED ENTRY--PERSONAL NAME | |
| Personal name | Palsane, M. N., |
| Relator term | ed. |
No items available.